[Event "Ankara Baskent Univ op-B 3rd"]
[Site "Ankara"]
[Date "2018.08.29"]
[Round "4"]
[White "Ismayilov, Elvin"]
[Black "Odabasi, Nail"]
[Result "1/2-1/2"]
[WhiteElo "1634"]
[BlackElo "1552"]
[PlyCount "126"]
[EventDate "2018.08.27"]
[EventType "swiss"]
[EventRounds "9"]
[EventCountry "TUR"]
[SourceTitle "EXT 2021"]
[Source "ChessBase"]
[SourceDate "2020.10.23"]
[SourceVersion "1"]
[SourceVersionDate "2020.10.23"]
[SourceQuality "1"]

1. d4 d5 2. Nf3 Nf6 3. Bf4 e6 4. e3 Bb4+ 5. c3 Ba5 6. Bd3 0-0 7. Nbd2 Nbd7 8. h3 c5 9. 0-0 Bc7 10. Ne5 Nxe5 11. dxe5 Nd7 12. Nf3 f6 13. Qc2 Nxe5 14. Bxh7+ Kh8 15. Nh4 f5 16. Ng6+ Nxg6 17. Bxc7 Qxc7 18. Bxg6 Qe7 19. Qe2 Qg5 20. Qh5+ Qxh5 21. Bxh5 e5 22. a4 a5 23. b4 axb4 24. cxb4 c4 25. Rfc1 Be6 26. Bf3 d4 27. exd4 exd4 28. Kf1 d3 29. Ke1 Rac8 30. Kd2 Rfd8 31. Rc3 Bd5 32. Bxd5 Rxd5 33. Re1 Rd4 34. f3 b6 35. a5 bxa5 36. bxa5 Rb8 37. a6 Ra8 38. Re6 Kg8 39. Ra3 Kf7 40. Re1 Rd6 41. a7 Rd7 42. Rea1 Ke6 43. Kc3 f4 44. Ra4 Rc7 45. Rxc4 Rxc4+ 46. Kxc4 d2 47. Rd1 Rxa7 48. Rxd2 Ra3 49. Rb2 Re3 50. Rb5 Kf6 51. h4 g6 52. Kd4 Re2 53. Rg5 Re1 54. Rg4 Kf5 55. g3 fxg3 56. Rxg3 Kf4 57. Rxg6 Rd1+ 58. Kc5 Kxf3 59. h5 Rd7 60. h6 Rh7 61. Kd5 Kf4 62. Ke6 Ra7 63. Rg7 Ra6+ 1/2-1/2